The environmental effects of reforming agricultural policies

Αποθηκεύτηκε σε:
Λεπτομέρειες βιβλιογραφικής εγγραφής
Συγγραφή απο Οργανισμό/Αρχή: Organisation for Economic Co-operation and Development
Μορφή: Βιβλίο
Γλώσσα:English
French
Δημοσίευση: Paris : Organisation for Economic co-operation and Development, 1999.
Θέματα:
Ετικέτες: Προσθήκη ετικέτας
Δεν υπάρχουν, Καταχωρήστε ετικέτα πρώτοι!

MARC

LEADER 00000cam a2200000 i 4500
001 1/97397
008 991222s1999 fr | ||| |||| ||eng||
020 |a 9264160418 
035 |l 10056120 
040 |a GR-MyUA  |b gre  |e AACR2 
041 1 |a eng  |h fre 
082 0 |a 333.7615 
110 2 |a Organisation for Economic Co-operation and Development. 
245 1 4 |a The environmental effects of reforming agricultural policies /   |c Organisation for Economic Co-operation and Development.  
260 |a Paris :   |b Organisation for Economic co-operation and Development,   |c 1999.  
300 |a 130 σ.  
500 |a Τίτλος πρωτοτύπου: La reforme des politiques agricoles.  
650 0 0 |a Agriculture  |x Environmental aspects  |z OECD countries. 
650 0 0 |a Agriculture and state  |z OECD countries. 
650 0 0 |a Environmental policy  |z OECD countries. 
852 |a INST  |b LESVOS  |e 19991222  |h 333.7615 ORG  |p 005100022554  |q 005100022554  |t BK  |y 0 
901 |a BIBL1-2000-1 
909 |a Λ  |b 071584 
922 |a 1ΕΛΗ  |b 199912  |c ΚΠΣ/ΠΜΣ  |d ΠΑΠΑΣΩΤΗΡΙΟΥ 
950 |a 157-1999-03-23 
970 |a ΚΑΜΑΤΣΟΥ  |b ΔΕΣΠΟΙΝΑ  |z 2000/01/24